000
00308nam a22001337a 4500
008
170208b xxu||||| |||| 00| 0 eng d
020
_a
9781587633591
041
_a
eng
080
_a
61
100
_a
4
101
_a
SHM
245
_a
THE GUIDE TO CLINICAL PREVENTIVE SERVICES
_c
CLANCY, C.M
942
_2
udc
_c
BK
999
_c
4987
_d
4987